Ženy /
Uloženo v:
| Hlavní autor: | |
|---|---|
| Další autoři: | |
| Médium: | E-kniha |
| Jazyk: | Slovak |
| Vydáno: |
Bratislava :
Lindeni,
2025
|
| Vydání: | Prvé slovenské vydanie |
| Témata: | |
| Tagy: |
Žádné tagy |
| LEADER | 01400nam a2200349 i 4500 | ||
|---|---|---|---|
| 001 | 302697 | ||
| 003 | CZ PrSKC | ||
| 005 | 20260514063341.0 | ||
| 007 | ta | ||
| 008 | 250919s2025 xo g 000 f slo d | ||
| 020 | |a 9788056647721 |q (vázáno) : |c Kč 569.00 | ||
| 040 | |a KLG001 |b cze |e rda | ||
| 041 | 1 | |a slo |h eng | |
| 072 | 7 | |a 821.111(73)-3 |x Americká próza |2 Konspekt | |
| 080 | |a 821.111(73)-31 |2 MRF | ||
| 100 | 1 | |a Hannah, Kristin, |d 1960- |7 xx0006131 |4 aut | |
| 240 | 1 | 0 | |a Women. |l Slovensky |
| 245 | 1 | 0 | |a Ženy / |c Kristin Hannah ; preložil Milan Kopecký |
| 250 | |a Prvé slovenské vydanie | ||
| 264 | 1 | |a Bratislava : |b Lindeni, |c 2025 | |
| 300 | |a 438 stran ; |c 24 cm | ||
| 336 | |a text |b txt |2 rdacontent | ||
| 337 | |a bez média |b n |2 rdamedia | ||
| 338 | |a svazek |b nc |2 rdacarrier | ||
| 500 | |a Přeloženo z angličtiny | ||
| 655 | 7 | |a americké romány |7 fd131796 |2 czenas | |
| 700 | 1 | |a Kopecký, Milan |4 trl | |
| 900 | |a KLG001 |b 18 | ||
| 044 | |a xr | ||
| 910 | |a RBIT002 | ||
| 998 | |d 426954 |a https://core.palmknihy.cz/api/books/426954/cover?tesgi0 |b https://core.palmknihy.cz/api/books/426954/cover/400?tesgi0 |c https://core.palmknihy.cz/api/books/426954/cover/50?tesgi0 |e 2029-05-14 |g 440 |i 9788056647721 |j https://core.palmknihy.cz/api/books/426954/preview.epub |k https://core.palmknihy.cz/api/books/426954/preview.pdf |l |q 49 |r 1 |s https://www.palmknihy.cz/kniha/426954 |t ebook |y 2025 |z 0 | ||
| 999 | |d 302695 | ||